00789nam a2200253 a 4500001001300000003000900013005001700022008004100039020002500080082001700105100001700122245004500139260003800184300000900222500003500231505003400266650003300300650002500333700001700358902000800375942000700383952013000390999001500520nice12345678IN_TiNIC20260116013127.0050524s1990 itha grp 000 0 eng  a080146X c563.500a955.053bCHE aChehabi, H E aIranian Politics and Religious Modernism aIthacabCornell University c1990 a342p aincludes index and biblioraphy2 aGlossary, Bibliography, Index aIran-Politics and Government aIslam and State-Iran1 aChehabi, H E bSRS cBK 001040708StackRoom-aHMIbHMId2007-05-29g563.50l1o955.053 CHEp018943r2019-02-27s2019-02-19v563.50w2005-05-24yBK c9768d9768